| 000 | 00749nam a2200193 a 4500 | ||
|---|---|---|---|
| 005 | 20241017063703.0 | ||
| 008 | 991125s1941 mx 000 0 spa u | ||
| 035 | _aUPN01000009782 | ||
| 049 | _aCG | ||
| 050 | 4 |
_aLB1584 M6 _bS2.2 |
|
| 100 | 1 | _aSalazar Ríos, Santacruz | |
| 245 | 1 | 0 |
_aCómo se imparte el civismo y cómo debe impartirse? / _cSantacruz Salazar Ríos. |
| 260 |
_aHuayacota, Ver. : _b[s. n.], _c1941. |
||
| 300 | _a11 h. | ||
| 500 | _a"Trabajo sobre el estudio de la instrucción cívica en México, que se presentará a la consideración y estudio de la Asamblea Pedagógica que se reunirá en la Ciudad de Puebla" | ||
| 500 | _aDisponible en la Colección Medina | ||
| 650 | 2 |
_aCivismo _vPlanes y programas _97278 |
|
| 905 | _aLibro | ||
| 999 |
_c9782 _d9782 |
||